[Event "Palma de Mallorca FIDE GP"]
[Site "Palma de Mallorca"]
[Date "2017.11.24"]
[Round "8"]
[White "Gelfand, Boris"]
[Black "Radjabov, Teimour"]
[Result "0-1"]
[WhiteElo "2719"]
[BlackElo "2741"]
[Annotator "Radjabov,T"]
[PlyCount "96"]
[EventDate "2017.11.16"]
[EventType "swiss"]
[EventRounds "9"]
[EventCountry "ESP"]
[SourceTitle "CBM 182"]
[Source "ChessBase"]
[SourceDate "2018.01.17"]
[SourceVersion "1"]
[SourceVersionDate "2018.01.17"]
[SourceQuality "1"]

{An important game for me as I had managed to win the game against Li Chao
right after the loss to Tomashevsky. This game, should I win it, would give me
the chance to qualify by winning the last game. I was trying to complicate
matters.} 1. d4 Nf6 2. c4 e6 {The King's Indian was for sure what he expected,
but...not this time :)} 3. Nf3 b6 4. g3 Bb7 5. Bg2 Be7 6. O-O O-O 7. Nc3 Ne4 8.
Bd2 Nxd2 $5 9. Qxd2 d6 10. Rad1 Nd7 11. Rfe1 c5 12. e4 a6 {An interesting move,
but maybe ...cxd4 is better practically speaking. I was expecting d5 and then
the position would be looking like a King's Indian :) I was much better on
time here already.} (12... cxd4 13. Nxd4 a6 14. f4 Qc7 (14... Rc8 $5) 15. e5
dxe5 16. Nxe6 fxe6 17. Qxd7 Bc5+ 18. Kh1 Qxd7 19. Rxd7 Bxg2+ 20. Kxg2 exf4 $11)
13. d5 e5 {Now it reminds one of a King's Indian: the plan is clear, but Boris
is also aware of plans in the King's Indian, a fair fight!} 14. b3 g6 15. Rf1
Bc8 {Bringing pieces into play, ...b5 is also in the air.} (15... b5 16. cxb5
axb5 17. Nxb5 Ba6 18. a4 $11) 16. Ne1 {Here is the interesting moment, I felt
sure I was doing everything right, but maybe...} Rb8 (16... Bg5 $5 17. Qc2 Bh6
18. Nd3 Nf6 $5 {and this is very tricky for both, this is an interesting way
to play the position for Black.}) (16... b5 17. cxb5 axb5 18. Nxb5 Ba6 19. a4
Bxb5 20. axb5 Qb6 21. Qc2 Qxb5 22. Nf3 $11 {I thought it's close to a draw,
and rightly so.}) 17. a4 f5 18. f4 exf4 19. gxf4 fxe4 20. Nxe4 {It looks like
I did everything right, but where are the chances? My thoughts were going over
the lines, over and over again, but I could not find the right way to
complicate the position, but anyway I thought I had to play this:} b5 21. a5 $1
{Practically the move is good (it gives me chances) and I was happy about it,
I can get positions where I am a pawn up, and come what may, what happens,
happens, as a fight lies ahead.} (21. axb5 axb5 22. Nf3 bxc4 23. bxc4 Nf6 24.
Nfg5 {and I am not sure I would have chances to win the game!}) 21... bxc4 22.
bxc4 Rb4 $1 23. Rc1 Nf6 24. Ng5 {I think we played very strongly up to this
moment, both of us. Now I was not sure how to continue, but I thought, ok, I
will grab the pawn, if I lose I lose, but I will do that. As Korchnoi said,
grab the pawn... if you don't see you are lost, just grab it, you can win as
well, it's what he taught me in the training sessions and did it quite nicely
in our rapid training games :)} Qxa5 $6 {Not a great move objectively but
great practically :) it proved to be at least!} (24... Bf5 $1 25. Ne6 Bxe6 26.
dxe6 d5 $1 27. Bxd5 Nxd5 28. Qxd5 Qxd5 29. cxd5 Rd4 {is slightly better for
Black, but come on let's be fair, it's a draw.}) 25. Nd3 Ra4 26. Qe3 Qd8 27.
Rce1 Bf5 {I found this idea from far back with ...Nxd5! and was going for it,
but actually I was worried about Ne6, even though my position is still fine
and fighting which suited me at that moment.} 28. Bh3 (28. Ne6 $1 Qc8 29. Nxf8
Bxf8 30. Ne5 $1 {I must tell you the truth: This would be very hard to meet
over the board and I am lucky I did not get this position. But objectively
Black is good.} dxe5 31. fxe5 Ng4 32. Qf4 Bh6 33. Qg3 Rxc4 34. e6 {Oh oh oh,
can you imagine how pleasant it is? pawns are coming! Mass! but...} Bg7 $1 35.
Rxf5 Bd4+ 36. Kh1 gxf5 37. e7 Qe8 38. d6 Kg7 $3 39. h3 Rc3 40. Qf4 Qh5 41. Re2
$1 $11) 28... Nxd5 $1 {This came as a surprise for Boris.} 29. cxd5 Bxg5 30.
Bxf5 (30. fxg5 $5 {Maybe it was easier for White} Re4 (30... Bxh3 31. Rxf8+
Kxf8 32. Qxh3 Qxg5+ 33. Kh1 Qxd5+ 34. Kg1 {and it seems equal as Black's king
is also vulnerable}) 31. Qg3 Rxe1 32. Nxe1 Bxh3 33. Rxf8+ Kxf8 34. Qxh3 Qxg5+
35. Qg2 Qxg2+ 36. Kxg2 a5 37. Kf3 a4 38. Nc2 Ke7 39. Ke4 Kf6 40. Na3 $11) 30...
Rxf5 31. Qe6+ (31. fxg5 Qxg5+ 32. Qxg5 Rxg5+ 33. Kh1 Rxd5 34. Nf4 Rf5 35. Ne6
c4 36. Rxf5 gxf5 37. Kg2 {The computer claims that it's drawish, but it's not
easy to assess.}) 31... Kg7 32. fxg5 Qxg5+ 33. Kh1 Ra2 34. Qe7+ (34. Qe4 $1 {
was the easiest way to secure equality:} Qd2 35. Qe7+ Kh6 36. Nf2 (36. Qh4+ Rh5
37. Qf2 $11)) 34... Qxe7 35. Rxe7+ Kf8 {Here it's already tricky and the pawns
are nasty.} 36. Ree1 {I was hesitating here on the move orders. It is hard to
decide: should you leave the rook on f5, should you go for ...Rxf1 and bring
in the king. The game was important but at the last moment I decided on ...
Rxf1.} Rxf1+ (36... a5 37. Nf4 a4 38. Ne6+ Kf7 39. Ng5+ Kg7 40. h4 $11) 37.
Rxf1+ Ke7 {And when we discussed it with Boris, the computer shows a very
strong and non-human way of handling this position, which was really hard to
find.} 38. Re1+ $2 (38. Nf2 $3 {The point is that if Black takes on d5 with
Rd2xd5, White attacks on a6 at the last moment!} a5 (38... Rd2 39. Kg2 Rxd5 40.
Ra1 $1 $11 {It's easy when you put it all on the screen and watch the lines
unfold, but during the game we both missed it and it's not obvious at all
believe me :)} c4 41. Rxa6 Rg5+ 42. Kf1 d5 43. Ra7+ $11) 39. Kg2) 38... Kd7 {
Still holdable but now it's more like a study rather than a practical game.}
39. Re3 (39. Nf4 $3 a5 40. Ng2 $3 a4 41. Ne3 $1 {and White draws the game!!!!
Amazing geometry!}) 39... a5 40. Rh3 $4 {This seems to be losing.} (40. Nf4 $3
{But here it's already very hard to play with White:} a4 (40... Rd2 41. Rh3 Kc7
42. Kg1 $1 a4 43. Ra3 g5 44. Ne6+ $11) 41. Kg1 a3 42. Ne2 {Great plan, now if :
} Rc2 43. Kf2 a2 44. Ra3 Kc7 45. Ke3 c4 46. Ra4 Kb6 47. Nd4 Rxh2 48. Ne2 $11)
40... h5 $1 41. Nf4 (41. Kg1 {would still put up much more resistance:} Kc7 42.
Ne1 Rd2 43. Kf1 Rxd5 44. Ra3 Kb6 45. Ke2 $17) 41... a4 {I am very proud of
this game because of the level of tension, even if White could draw with the
right play or Black could be in trouble in the event of White playing the best
moves, I had achieved what I needed to in a very fighting manner and it was
that which really matters. Bravo to Boris for putting up the great fight he
did. It is really a game to look back on and enjoy the emotions and the fight
again and again.} 42. Nxg6 a3 43. Rf3 c4 $1 44. Nf4 Ra1+ 45. Kg2 a2 46. Ra3 c3
47. Ne2 c2 48. Kf2 Rh1 {White resigned.} 0-1

[Event "Gashimov Memorial 5th"]
[Site "Shamkir"]
[Date "2018.04.19"]
[Round "1"]
[White "Topalov, Veselin"]
[Black "Radjabov, Teimour"]
[Result "1/2-1/2"]
[WhiteElo "2749"]
[BlackElo "2748"]
[PlyCount "85"]
[EventDate "2018.04.19"]
[EventType "tourn"]
[EventRounds "9"]
[EventCountry "AZE"]
[EventCategory "21"]
[SourceTitle "CBM 184"]
[Source "ChessBase"]
[SourceDate "2018.05.16"]
[SourceVersion "1"]
[SourceVersionDate "2018.05.16"]
[SourceQuality "1"]

1. e4 e5 2. Nf3 Nc6 3. Bb5 Nf6 4. O-O Nxe4 5. d4 Nd6 6. Bxc6 dxc6 7. dxe5 Nf5
8. Qxd8+ Kxd8 9. Nc3 Ke8 10. h3 h5 11. Bf4 Be7 12. Rad1 Be6 13. Ng5 Rh6 14.
Rfe1 Bb4 15. a3 Bxc3 16. bxc3 Ne7 17. Nf3 Rh8 18. Nd4 Nd5 19. Bg5 Nxc3 20. Rd3
Na4 21. f4 Nc5 22. Rc3 Na4 23. Rg3 c5 24. Nxe6 fxe6 25. f5 Kf7 26. Bh4 Rag8 27.
Rb1 Nb6 28. fxe6+ Kxe6 29. Rg6+ Kf7 30. Rg5 Ke6 31. a4 Nxa4 32. Rxb7 Nc3 33.
Rxc7 Ne4 34. Rg6+ Kf5 35. Ra6 g5 36. Be1 Re8 37. Raxa7 Rxe5 38. Rf7+ Ke6 39. c4
Re8 40. Rg7 Kf5 41. Rgf7+ Ke6 42. Rg7 Kf5 43. Rgf7+ 1/2-1/2

[Event "Gashimov Memorial 5th"]
[Site "Shamkir"]
[Date "2018.04.20"]
[Round "2"]
[White "Radjabov, Teimour"]
[Black "Mamedov, Rauf"]
[Result "1/2-1/2"]
[WhiteElo "2748"]
[BlackElo "2704"]
[PlyCount "76"]
[EventDate "2018.04.19"]
[EventType "tourn"]
[EventRounds "9"]
[EventCountry "AZE"]
[EventCategory "21"]
[SourceTitle "CBM 184"]
[Source "ChessBase"]
[SourceDate "2018.05.16"]
[SourceVersion "1"]
[SourceVersionDate "2018.05.16"]
[SourceQuality "1"]

1. d4 d5 2. c4 c6 3. Nc3 Nf6 4. Nf3 dxc4 5. a4 Bf5 6. e3 e6 7. Bxc4 Bb4 8. O-O
Nbd7 9. Qe2 O-O 10. e4 Bg6 11. Bd3 Bh5 12. e5 Nd5 13. Nxd5 cxd5 14. Qe3 Be7 15.
Ng5 Bxg5 16. Qxg5 Bg6 17. Qxd8 Rfxd8 18. Be2 Nb8 19. Be3 Nc6 20. Rfc1 Rdc8 21.
Rc3 Nb4 22. Raa3 a5 23. h4 h6 24. g4 Nc2 25. Rab3 Nxe3 26. fxe3 Bc2 27. Rxc8+
Rxc8 28. Rxb7 Bxa4 29. Ra7 Bd1 30. Bxd1 Rc1 31. Rxa5 Rxd1+ 32. Kf2 Rd2+ 33. Kf3
Rxb2 34. Ra8+ Kh7 35. Ra7 Kg8 36. Ra8+ Kh7 37. Ra7 Kg8 38. Ra8+ Kh7 1/2-1/2

[Event "Gashimov Memorial 5th"]
[Site "Shamkir"]
[Date "2018.04.21"]
[Round "3"]
[White "Giri, Anish"]
[Black "Radjabov, Teimour"]
[Result "1/2-1/2"]
[WhiteElo "2777"]
[BlackElo "2748"]
[PlyCount "80"]
[EventDate "2018.04.19"]
[EventType "tourn"]
[EventRounds "9"]
[EventCountry "AZE"]
[EventCategory "21"]
[SourceTitle "CBM 184"]
[Source "ChessBase"]
[SourceDate "2018.05.16"]
[SourceVersion "1"]
[SourceVersionDate "2018.05.16"]
[SourceQuality "1"]

1. e4 e6 2. d4 d5 3. exd5 exd5 4. Nf3 Nf6 5. Bd3 Bd6 6. O-O O-O 7. Bg5 Bg4 8.
Nbd2 Nbd7 9. c4 dxc4 10. Nxc4 Re8 11. h3 Be6 12. Nxd6 cxd6 13. Nd2 Qa5 14. Bf4
Qb4 15. Bg3 Qxb2 16. Rb1 Qxa2 17. Rxb7 Qd5 18. Rc7 Rec8 19. Rxc8+ Rxc8 20. Qa1
Bf5 21. Bxf5 Qxf5 22. Qxa7 Qc2 23. Nf3 Qc6 24. Ra1 Ne4 25. d5 Qc3 26. Kh2 Ndf6
27. Ra6 Qb4 28. Qc7 Qb8 29. Qxb8 Rxb8 30. Bxd6 Re8 31. Be5 Nxd5 32. Bd4 Nc7 33.
Ra2 Ne6 34. Be3 Nd6 35. Rc2 Nf5 36. Rc3 Nxe3 37. Rxe3 Nc7 38. Rc3 Ne6 39. Re3
Nc7 40. Rc3 Ne6 1/2-1/2

[Event "Gashimov Memorial 5th"]
[Site "Shamkir"]
[Date "2018.04.22"]
[Round "4"]
[White "Radjabov, Teimour"]
[Black "Carlsen, Magnus"]
[Result "1/2-1/2"]
[WhiteElo "2748"]
[BlackElo "2843"]
[PlyCount "38"]
[EventDate "2018.04.19"]
[EventType "tourn"]
[EventRounds "9"]
[EventCountry "AZE"]
[EventCategory "21"]
[SourceTitle "CBM 184"]
[Source "ChessBase"]
[SourceDate "2018.05.16"]
[SourceVersion "1"]
[SourceVersionDate "2018.05.16"]
[SourceQuality "1"]

1. d4 d5 2. c4 c6 3. Nc3 Nf6 4. e3 e6 5. Nf3 Nbd7 6. Qc2 Bd6 7. b3 O-O 8. Be2
b6 9. O-O Bb7 10. Bb2 Qe7 11. Rad1 Rad8 12. Rfe1 Rfe8 13. e4 Nxe4 14. Nxe4 dxe4
15. Qxe4 Bb4 16. Rf1 Bd6 17. Rfe1 Bb4 18. Rf1 Bd6 19. Rfe1 Bb4 1/2-1/2

[Event "Gashimov Memorial 5th"]
[Site "Shamkir"]
[Date "2018.04.23"]
[Round "5"]
[White "Ding, Liren"]
[Black "Radjabov, Teimour"]
[Result "1/2-1/2"]
[WhiteElo "2778"]
[BlackElo "2748"]
[PlyCount "80"]
[EventDate "2018.04.19"]
[EventType "tourn"]
[EventRounds "9"]
[EventCountry "AZE"]
[EventCategory "21"]
[SourceTitle "CBM 184"]
[Source "ChessBase"]
[SourceDate "2018.05.16"]
[SourceVersion "1"]
[SourceVersionDate "2018.05.16"]
[SourceQuality "1"]

1. d4 Nf6 2. c4 e6 3. Nf3 d5 4. Nc3 Be7 5. Bf4 O-O 6. e3 Nbd7 7. c5 Nh5 8. Bd3
Nxf4 9. exf4 b6 10. b4 a5 11. a3 c6 12. O-O Qc7 13. g3 Ba6 14. Qe2 Bxd3 15.
Qxd3 Ra7 16. Rfc1 Rfa8 17. cxb6 Qxb6 18. b5 a4 19. f5 c5 20. fxe6 fxe6 21. dxc5
Nxc5 22. Qe3 Rb7 23. Rab1 Nb3 24. Qxb6 Rxb6 25. Rc2 Bf6 26. Nxa4 Rxb5 27. Nc3
Rb7 28. Ne2 Rab8 29. Nf4 Nd4 30. Rxb7 Nxf3+ 31. Kg2 Ne1+ 32. Kf1 Rxb7 33. Kxe1
Kf7 34. a4 Ra7 35. Ra2 g5 36. Nd3 Ke7 37. f4 gxf4 38. gxf4 Kd6 39. Ke2 Bc3 40.
Ke3 Ba5 1/2-1/2

[Event "Gashimov Memorial 5th"]
[Site "Shamkir"]
[Date "2018.04.25"]
[Round "6"]
[White "Radjabov, Teimour"]
[Black "Wojtaszek, Radoslaw"]
[Result "1/2-1/2"]
[WhiteElo "2748"]
[BlackElo "2744"]
[PlyCount "69"]
[EventDate "2018.04.19"]
[EventType "tourn"]
[EventRounds "9"]
[EventCountry "AZE"]
[EventCategory "21"]
[SourceTitle "CBM 184"]
[Source "ChessBase"]
[SourceDate "2018.05.16"]
[SourceVersion "1"]
[SourceVersionDate "2018.05.16"]
[SourceQuality "1"]

1. e4 c5 2. Nf3 d6 3. d4 cxd4 4. Nxd4 Nf6 5. Nc3 a6 6. Bg5 e6 7. f4 Qb6 8. Qd2
Qxb2 9. Rb1 Qa3 10. e5 h6 11. Bh4 dxe5 12. fxe5 g5 13. exf6 gxh4 14. Be2 Qa5
15. O-O Nd7 16. Kh1 Qg5 17. Qe1 Nxf6 18. Nf3 Qg7 19. Ne5 Be7 20. Na4 O-O 21.
Nb6 Rb8 22. Rb3 Ne4 23. Ned7 Bxd7 24. Nxd7 Qg5 25. Nxb8 Rxb8 26. Bh5 Nd2 27.
Rxf7 Nxb3 28. Qxe6 Kh8 29. Rxe7 Rf8 30. Kg1 Qxh5 31. cxb3 Qd1+ 32. Qe1 Qd4+ 33.
Qe3 Qd1+ 34. Qe1 Qd4+ 35. Qe3 1/2-1/2

[Event "Gashimov Memorial 5th"]
[Site "Shamkir"]
[Date "2018.04.27"]
[Round "8"]
[White "Radjabov, Teimour"]
[Black "Karjakin, Sergey"]
[Result "1/2-1/2"]
[WhiteElo "2748"]
[BlackElo "2778"]
[PlyCount "80"]
[EventDate "2018.04.19"]
[EventType "tourn"]
[EventRounds "9"]
[EventCountry "AZE"]
[EventCategory "21"]
[SourceTitle "CBM 184"]
[Source "ChessBase"]
[SourceDate "2018.05.16"]
[SourceVersion "1"]
[SourceVersionDate "2018.05.16"]
[SourceQuality "1"]

1. d4 Nf6 2. c4 e6 3. Nf3 d5 4. Nc3 c6 5. e3 Nbd7 6. Bd3 dxc4 7. Bxc4 b5 8. Bd3
Bb7 9. O-O a6 10. e4 c5 11. d5 c4 12. Bc2 Qc7 13. dxe6 fxe6 14. Ne2 Nc5 15. Bf4
Qd7 16. Qxd7+ Nfxd7 17. Ned4 Be7 18. b4 cxb3 19. axb3 b4 20. Rfe1 O-O 21. Bc7
g6 22. Rad1 Rac8 23. Ba5 Rfe8 24. Re3 e5 25. Ne2 Nf6 26. Bxb4 Ncxe4 27. Bxe4
Nxe4 28. Bxe7 Rxe7 29. Ng3 Nxg3 30. hxg3 Bxf3 31. gxf3 Rc5 32. b4 Rb5 33. Ra1
Re6 34. Rea3 Rxb4 35. Rxa6 Rxa6 36. Rxa6 Rb5 37. Ra8+ Kg7 38. Ra7+ Kg8 39. Ra8+
Kg7 40. Ra7+ Kg8 1/2-1/2

[Event "Gashimov Memorial 5th"]
[Site "Shamkir"]
[Date "2018.04.28"]
[Round "9"]
[White "Navara, David"]
[Black "Radjabov, Teimour"]
[Result "1/2-1/2"]
[WhiteElo "2745"]
[BlackElo "2748"]
[PlyCount "45"]
[EventDate "2018.04.19"]
[EventType "tourn"]
[EventRounds "9"]
[EventCountry "AZE"]
[EventCategory "21"]
[SourceTitle "CBM 184"]
[Source "ChessBase"]
[SourceDate "2018.05.16"]
[SourceVersion "1"]
[SourceVersionDate "2018.05.16"]
[SourceQuality "1"]

1. e4 c5 2. Nf3 Nc6 3. Nc3 e5 4. Bc4 Be7 5. d3 Nf6 6. Ng5 O-O 7. f4 exf4 8.
Bxf4 d5 9. exd5 Nd4 10. Nge4 b5 11. d6 Nxe4 12. dxe7 Qxe7 13. Nxe4 bxc4 14. O-O
cxd3 15. cxd3 Rd8 16. Qh5 Bf5 17. Rae1 Bg6 18. Qxc5 Qxc5 19. Nxc5 Rac8 20. Nb7
Rd7 21. Nc5 Rdd8 22. Nb7 Rd7 23. Nc5 1/2-1/2

[Event "Olympiad-43"]
[Site "Batumi"]
[Date "2018.09.24"]
[Round "1.34"]
[White "Yarmonov, Igor"]
[Black "Radjabov, Teimour"]
[Result "1/2-1/2"]
[WhiteElo "2376"]
[BlackElo "2751"]
[PlyCount "49"]
[EventDate "2018.09.24"]
[EventType "team-swiss"]
[EventRounds "11"]
[EventCountry "GEO"]
[SourceTitle "CBM 187"]
[Source "ChessBase"]
[SourceDate "2018.12.11"]
[SourceVersion "1"]
[SourceVersionDate "2018.12.11"]
[SourceQuality "1"]
[WhiteTeam "IPCA"]
[BlackTeam "Azerbaijan"]
[BlackTeamCountry "AZE"]

1. d4 Nf6 2. Nf3 g6 3. Bf4 Bg7 4. c3 d6 5. h3 O-O 6. Nbd2 Nfd7 7. e4 e5 8. dxe5
Nxe5 9. Nxe5 dxe5 10. Be3 Nd7 11. Bc4 Qe7 12. Qe2 Nc5 13. h4 h5 14. f3 Ne6 15.
g3 c6 16. a4 a5 17. Nb3 Kh8 18. Bb6 Nd4 19. Qf2 Nxb3 20. Bxb3 Re8 21. Bc5 Qf6
22. Be3 Qe7 23. Bc5 Qf6 24. Be3 Qe7 25. Bc5 1/2-1/2

[Event "Olympiad-43"]
[Site "Batumi"]
[Date "2018.09.25"]
[Round "2.2"]
[White "Radjabov, Teimour"]
[Black "Godena, Michele"]
[Result "1/2-1/2"]
[WhiteElo "2751"]
[BlackElo "2501"]
[PlyCount "93"]
[EventDate "2018.09.24"]
[EventType "team-swiss"]
[EventRounds "11"]
[EventCountry "GEO"]
[SourceTitle "CBM 187"]
[Source "ChessBase"]
[SourceDate "2018.12.11"]
[SourceVersion "1"]
[SourceVersionDate "2018.12.11"]
[SourceQuality "1"]
[WhiteTeam "Azerbaijan"]
[BlackTeam "Italy"]
[WhiteTeamCountry "AZE"]
[BlackTeamCountry "ITA"]

1. e4 e5 2. Nf3 Nc6 3. Bb5 a6 4. Ba4 Nf6 5. O-O b5 6. Bb3 Bc5 7. Nc3 O-O 8. d3
h6 9. Nd5 d6 10. c3 Rb8 11. d4 Ba7 12. Be3 Nxd5 13. Bxd5 exd4 14. cxd4 Ne7 15.
Bb3 Bg4 16. Rc1 Rc8 17. h3 Bh5 18. g4 Bg6 19. Bc2 Bh7 20. g5 h5 21. Nh4 d5 22.
e5 Bxc2 23. Rxc2 Qd7 24. Kh2 g6 25. f4 Nf5 26. Nxf5 Qxf5 27. Rc6 Rfe8 28. Rf6
Qe4 29. f5 Qxe3 30. fxg6 Bxd4 31. gxf7+ Kg7 32. fxe8=N+ Rxe8 33. Rf7+ Kg8 34.
Qxh5 Bxe5+ 35. Kh1 Qe4+ 36. Qf3 c5 37. Rd7 Bxb2 38. Rxd5 Qxf3+ 39. Rxf3 c4 40.
Rc5 c3 41. Rf2 b4 42. h4 Bc1 43. h5 Bd2 44. h6 Re7 45. Kg2 Kh7 46. Rxd2 cxd2
47. Rd5 1/2-1/2

[Event "Olympiad-43"]
[Site "Batumi"]
[Date "2018.09.27"]
[Round "4.5"]
[White "McShane, Luke J"]
[Black "Radjabov, Teimour"]
[Result "0-1"]
[WhiteElo "2672"]
[BlackElo "2751"]
[PlyCount "158"]
[EventDate "2018.09.24"]
[EventType "team-swiss"]
[EventRounds "11"]
[EventCountry "GEO"]
[SourceTitle "CBM 187"]
[Source "ChessBase"]
[SourceDate "2018.12.11"]
[SourceVersion "1"]
[SourceVersionDate "2018.12.11"]
[SourceQuality "1"]
[WhiteTeam "England"]
[BlackTeam "Azerbaijan"]
[WhiteTeamCountry "ENG"]
[BlackTeamCountry "AZE"]

1. e4 e5 2. Nf3 Nc6 3. Bb5 Nf6 4. O-O Nxe4 5. Re1 Nd6 6. Nxe5 Be7 7. Bf1 Nxe5
8. Rxe5 O-O 9. d4 Bf6 10. Re1 Re8 11. c3 Rxe1 12. Qxe1 Ne8 13. d5 c6 14. Be3
cxd5 15. Qd2 Nc7 16. Na3 d6 17. Nc2 Bf5 18. Nb4 Be4 19. Rd1 a5 20. Nc2 Qd7 21.
a3 Re8 22. Nd4 h6 23. Ne2 Qc6 24. Ng3 Bg6 25. Be2 Qa4 26. Bd4 Bg5 27. Be3 Bxe3
28. fxe3 Re5 29. Bf3 Qe8 30. Kf2 Qe7 31. Ne2 Be4 32. Bxe4 Qh4+ 33. Ng3 Rxe4 34.
Kg1 Re5 35. Rf1 g6 36. Ne2 Qe4 37. Rf3 Ne6 38. Ng3 Qh4 39. Nf1 Qe7 40. Qd3 Ng5
41. Rf4 Ne4 42. Qd4 Nc5 43. Rf3 Qe8 44. Qh4 Ne6 45. Rf2 h5 46. Rd2 Nc5 47. Qe1
Ne4 48. Re2 Qb5 49. Qd1 h4 50. h3 Ng3 51. Rd2 Qc5 52. Rd4 Nxf1 53. Kxf1 Rxe3
54. Qd2 Re5 55. Kg1 Re4 56. Kh2 Rxd4 57. cxd4 Qb6 58. b4 axb4 59. axb4 Kg7 60.
Qf4 Qd8 61. Qg4 b6 62. b5 Qe7 63. Qf3 Qe4 64. Qc3 g5 65. Kg1 Kg6 66. Kh2 f6 67.
Qb4 Qd3 68. Kh1 Kf5 69. Kh2 Ke4 70. Qe1+ Kxd4 71. Qe8 Qe3 72. Qc6 Ke4 73. Qe8+
Kd3 74. Qd7 Ke2 75. Qd8 Kf1 76. Qxf6+ Qf4+ 77. Qxf4+ gxf4 78. Kh1 d4 79. g4
hxg3 0-1